Macroeconomic factors impacting impairement of loans in selected bank of EU

Na minha lista:
Detalhes bibliográficos
Autor principal: Šturc, Boris, 1961-
Outros Autores: Žoldáková, Natália, 1985-
Formato: Capítulo de Livro
Idioma:inglês
Tags: Adicionar Tag
Sem tags, seja o primeiro a adicionar uma tag!

MARC

LEADER 00000naa$a2200000$$$4500
001 0168019
005 20240502083410.8
041 0 |a eng 
044 |a CZ 
245 1 0 |a Macroeconomic factors impacting impairement of loans in selected bank of EU  |c Boris Šturc, Natália Žoldáková 
500 |a ITMS 26240120032 
100 1 |a Šturc, Boris, 1961- 
700 1 |a Žoldáková, Natália, 1985-